00524nam a2200193 a 4500001001300000003000900013005001700022008004100039020001000080082001300090100002000103245005700123260003200180300000900212500003500221505001800256650003600274700002000310nice12345678IN_TiNIC20260116011423.0050524s1951 newa grp 000 0 eng  ac10000a232bOUR aOursler, Fulton aGreatest Story Ever Toldb Tale of the Greatest Life aNew YorkbPrema Booksc1951 a396p aincludes index and biblioraphy2 aGeneral Index aJesus Christ-Person and Offices1 aOursler, Fulton